| 000 | 00000nam##2200000za#4500 |
| 001 | 9.643661 |
| 003 | CaOODSP |
| 005 | 20210624224255 |
| 007 | cr ||||||||||| |
| 008 | 150407|1976||||xxc|||||o f|0| 0 fre|d |
| 040 | |aCaOODSP|bfre |
| 043 | |an-cn--- |
| 086 | 1 |aA43-1273/1976F-PDF |
| 110 | 1 |aCanada.|bAgriculture Canada. |bDirection générale de recherche. |
| 245 | 13|aLa lutte contre la mouche du mouton à Terre-Neuve / |h[ressource électronique]|c[par] Ray F. Morris. |
| 260 | |aOttawa - Ontario : |bAgriculture Canada. |cc1976. |
| 300 | |a12p.|bphotographies |
| 500 | |aPublication historique numerisée par Agriculture et Agroalimentaire Canada. |
| 590 | |a15-01-Supp|b2015-01-26 |
| 691 | 07|aInsecte|2gcpds |
| 691 | 07|aMouton|2gcpds |
| 691 | 07|aOrganisme nuisible|2gcpds |
| 775 | 08|tThe sheep blowfly and its control in Newfoundland / |w(CaOODSP)9.699684 |
| 856 | 40|ahttp://publications.gc.ca|qPDF|s998 KB|uhttps://publications.gc.ca/collections/collection_2014/aac-aafc/agrhist/A43-1273-1976-fra.pdf |
| 986 | |a1273 |